000 00964nam a2200217 a 4500
008 110901s2004 ||||||||||||||||| || u
020 _a0072429038
050 _aQP 34.5 Sal
100 _aSaladin, Kenneth S
245 1 0 _aAnatomy & physiology: the unity of form and function.-- 3rd ed.
_cKenneth S. Saladin with Leslie Miller
250 _a3rd ed.
260 _aNew York
_bMcGraw-Hill
_c2004
300 _axviii, 1120p.[68p.]: ill.
350 _a0.00
650 3 _aANATOMY
650 0 _aHUMAN PHYSIOLOGY
650 0 _aHUMAN ANATOMY
700 _aMiller, Leslie
995 _aMEDICAL LIBRARY OPEN ACCESS
_D0.00
_e900760
_FCBU-SCHOOL OF MEDICINE LIBRARY (Ndola)
_H1
_I0.00
_jQP 34.5 Sal
_M2
_UAVAILABLE
_WOct 25, 2011
_y900760
_ZMedical Library Open Access Collection
995 _aMICHAEL CHILUFYA SATA OPEN ACCESS
_D0.00
_e900759
_FCBU-SCHOOL OF MEDICINE LIBRARY (Ndola)
_H1
_I0.00
_jQP 34.5 Sal
_M1
_UAVAILABLE
_WOct 25, 2011
_y900759
_ZMedical Library Open Access Collection
999 _c63674
_d63674